LEADER 03778nas 2201009-a 450 001 996211928803316 005 20230627152446.0 011 $a1526-4025 035 $a(OCoLC)42212556 035 $a(CKB)954933185437 035 $a(CONSER)sn-99009168- 035 $a(EXLCZ)99954933185437 100 $a19990824a19999999 s-- a 101 0 $aeng 135 $aurcnu|||||||| 181 $ctxt$2rdacontent 182 $cc$2rdamedia 183 $acr$2rdacarrier 200 10$aApplied stochastic models in business and industry 210 $a[Chichester] $cJohn Wiley & Sons$d©1999- 215 $a1 online resource 300 $aTitle from table of contents screen (Wiley InterScience; viewed: 10/20/2006). 300 $aRefereed/Peer-reviewed 311 $a1524-1904 531 $aAPPL STOCH MODEL BUS 531 $aAPPL. STOCH. MODELS BUS. IND 531 $aAPPL. STOCH. MODELS. BUS. IND 531 0 $aAppl. stoch. models bus. ind. 606 $aStochastic analysis$vPeriodicals 606 $aStochastic processes$vPeriodicals 606 $aBusiness mathematics$vPeriodicals 606 $aFinance$xMathematical models$vPeriodicals 606 $aIndustrial management$xMathematical models$vPeriodicals 606 $aIndustrial statistics$vPeriodicals 606 $aCommercial statistics$vPeriodicals 606 $aAnalyse stochastique$vPériodiques 606 $aProcessus stochastiques$vPériodiques 606 $aStatistique industrielle$vPériodiques 606 $aStatistique commerciale$vPériodiques 606 $aMathématiques financières$vPériodiques 606 $aFinances$xModèles mathématiques$vPériodiques 606 $aGestion d'entreprise$xModèles mathématiques$vPériodiques 606 $aBusiness (General)$2ebps 606 $aDecision Science$2ebps 606 $aStochastic Processes$2ebps 606 $aIndustrial Management$2ebps 606 $aIndustrial statistics$2fast$3(OCoLC)fst00971751 606 $aCommercial statistics$2fast$3(OCoLC)fst00869640 606 $aBusiness mathematics$2fast$3(OCoLC)fst00842780 606 $aFinance$xMathematical models$2fast$3(OCoLC)fst00924398 606 $aIndustrial management$xMathematical models$2fast$3(OCoLC)fst00971310 606 $aStochastic analysis$2fast$3(OCoLC)fst01133499 606 $aStochastic processes$2fast$3(OCoLC)fst01133519 608 $aPeriodicals.$2fast 608 $aPeriodicals.$2lcgft 610 $aMathematical Statistics 615 0$aStochastic analysis 615 0$aStochastic processes 615 0$aBusiness mathematics 615 0$aFinance$xMathematical models 615 0$aIndustrial management$xMathematical models 615 0$aIndustrial statistics 615 0$aCommercial statistics 615 6$aAnalyse stochastique 615 6$aProcessus stochastiques 615 6$aStatistique industrielle 615 6$aStatistique commerciale 615 6$aMathématiques financières 615 6$aFinances$xModèles mathématiques 615 6$aGestion d'entreprise$xModèles mathématiques 615 7$aBusiness (General). 615 7$aDecision Science. 615 7$aStochastic Processes. 615 7$aIndustrial Management. 615 7$aIndustrial statistics. 615 7$aCommercial statistics. 615 7$aBusiness mathematics. 615 7$aFinance$xMathematical models. 615 7$aIndustrial management$xMathematical models. 615 7$aStochastic analysis. 615 7$aStochastic processes. 676 $a519 712 02$aInternational Society for Business and Industrial Statistics, 906 $aJOURNAL 912 $a996211928803316 996 $aApplied stochastic models in business and industry$9800466 997 $aUNISA LEADER 02790nam 2200589 c 450 001 9911038521503321 005 20251113145547.0 010 $a9782889019854$bPDF 010 $a9782889019847$bEPUB 035 $a(EXLCZ)9942026266800041 100 $a20201012h20192019 |y | 101 0 $afre 181 $ctxt$2rdacontent 182 $cc$2rdamedia 183 $acr$2rdacarrier 200 10$aDe la révolution féministe à la constitution$emouvement des femmes et égalité des sexes en Suisse (1975-1995)$fSarah Kiani 210 1$aLausanne$cAntipodes$d[2019] 210 4$d© 2019 215 $a1 Online-Ressource (286 pages) 225 0 $aCollection histoire 311 08$aErscheint auch als Druck-Ausgabe 9782889011360 320 $aBibliographie: pages [251]-284 330 8 $a4e de couverture: Cet ouvrage revient sur l'histoire de la mise en place des mesures constitutionnelles et légales pour garantir l'égalité des sexes en Suisse. En s'intéressant aux mouvements féministes suisses de ces quarante dernières années, Sarah Kiani questionne les rapports entre militantisme institutionnel et non institutionnel. Elle interroge également l'évolution du mouvement des femmes, porteur d'une pluralité de visions quant au sens à donner à l'égalité des sexes, ainsi que les conceptions étatiques sur la question de l'égalité. Explorant une période peu abordée ? les années dites de <> entre 1980 et 1990 ? ce livre comble une lacune de l'histoire du mouvement des femmes en Suisse. Il permet de mieux comprendre comment les lois actuelles pour l'égalité ont été pensées et ce que ces conceptualisations révèlent de l'évolution des rapports de genre en Suisse.$5RERO/neueth/01.2020 606 $aFéminisme$3(IDREF)027320596$2idref 606 $aÉgalité des sexes$3(IDREF)035268867$2idref 606 $aFemmes$3(IDREF)027537242$2idref 606 $a20e siècle (fin)$3(RERO)A022536780$2rero 606 $a1975-1995$2rero 606 $aFeminismus$3(DE-588)4222126-2$2gnd 606 $aFrauenbewegung$3(DE-588)4071428-7$2gnd 606 $aFrauenpolitik$3(DE-STW)18142-4$2stw 607 $aSuisse$2idref 607 $aSchweiz$2gnd 615 7$aFéminisme 615 7$aÉgalité des sexes 615 7$aFemmes 615 7$a20e siècle (fin) 615 7$a1975-1995 615 7$aFeminismus. 615 7$aFrauenbewegung 615 7$aFrauenpolitik 676 $a949.4 676 $a940 676 $a949.4 676 $a320 686 $aMG 32430$2rvk 686 $aCA/CH 38.3 h$2cjurrom 700 $aKiani$b Sarah$f1980-$4aut$01855619 801 0$bCH-ZuSLS RZS 912 $a9911038521503321 996 $aDe la révolution féministe à la constitution$94453896 997 $aUNINA